| 000 | 00418nam a22001697a 4500 | ||
|---|---|---|---|
| 003 | CEME | ||
| 005 | 20210628203542.0 | ||
| 008 | 210119b xxu||||| |||| 00| 0 eng d | ||
| 040 | _c. | ||
| 082 | _a297.63 MAN | ||
| 100 |
_aManzar Ayubi _966201 |
||
| 245 | _aMata-e- akhraat | ||
| 260 |
_aKARACHI _bSHABAZ PUBLISHER _c2007 |
||
| 300 | _a160P | ||
| 650 |
_aISLAM-NAAT.ISLAM-MATA-E- AKHRAAT _966202 |
||
| 942 |
_cBK _2ddc |
||
| 999 |
_c574204 _d574204 |
||